Statistics for Poison-Type Pokemon Moves

Click here to take the quiz!

General Stats

  • This quiz has been taken 650 times
  • The average score is 16 of 23

Answer Stats

CategoryDescriptionMove% Correct
StatusBadly poisons targetToxic
97%
Special30% chance to poison target; 65 powerSludge
90%
StatusLays a trap, poisons opponents switching inToxic Spikes
89%
Special30% chance to poison target; 90 powerSludge Bomb
88%
SpecialMay lower Sp Defense -1Acid
82%
Physical30% chance to poison target; 15 powerPoison Sting
81%
PhysicalMay badly poison targetPoison Fang
79%
Specialx2 damage if target is poisonedVenoshock
79%
Special10% chance to poison targetSludge Wave
76%
StatusPoisons target; 75 accuracyPoison Powder
73%
Physical30% chance to poison target; 80 powerPoison Jab
72%
StatusDefense +2Acid Armor
71%
Physical30% chance to poison target; 120 powerGunk Shot
71%
PhysicalHigh critical hit ratio; 50 powerPoison Tail
61%
StatusPoisons target; 90 accuracyPoison Gas
59%
SpecialUser must eat a berry to use this moveBelch
58%
Special40% chance to poison targetSmog
57%
StatusAttack +1, Defense +1, Accuracy +1Coil
53%
SpecialInflicts damage, resets all stat changesClear Smog
49%
SpecialInflicts damage, Sp Defense -2Acid Spray
48%
PhysicalHigh critical hit ratio; 70 powerCross Poison
48%
StatusEliminates effects of target's abilityGastro Acid
46%
StatusAttack/Sp Attack/Speed -1 if target is poisonedVenom Drench
43%

Score Distribution

Percentile by Number Answered

Percent of People with Each Score

Your Score History

You have not taken this quiz